Solemne distribución de premios a los alumnos del curso de 1893-94 verificada en la sesión de 1º de octubre de 1894 / (Registro nro. 165518)

Detalles MARC
000 -LEADER
campo de control de longitud fija 00745nam a22001695i 4500
001 - NÚMERO DE CONTROL
campo de control 165518
003 - IDENTIFICADOR DE NÚMERO DE CONTROL
campo de control ES-MaACL
005 - FECHA Y HORA DE LA ÚLTIMA TRANSACCIÓN
campo de control 20230906213144.0
008 - DATOS DE LONGITUD FIJA--INFORMACIÓN GENERAL
campo de control de longitud fija 981120s1894 sp |||| | spa d
040 ## - FUENTE DE CATALOGACIÓN
Centro catalogador/agencia de origen GA
Lengua de catalogación spa
Centro/agencia transcriptor CCPB
110 0# - ENTRADA PRINCIPAL--NOMBRE DE ENTIDAD CORPORATIVA
Nombre de entidad corporativa o nombre de jurisdicción como elemento de entrada Escuela de Artes y Oficios de Santiago.
9 (RLIN) 3529
245 10 - MENCIÓN DEL TÍTULO
Título Solemne distribución de premios a los alumnos del curso de 1893-94 verificada en la sesión de 1º de octubre de 1894 /
Mención de responsabilidad, etc. Escuela de Artes y Oficios de Santiago.
260 ## - PUBLICACIÓN, DISTRIBUCIÓN, ETC.
Lugar de publicación, distribución, etc. Santiago :
Nombre del editor, distribuidor, etc. [s.n.],
Fecha de publicación, distribución, etc. 1894 (
Fabricante José M. Paredes)
300 ## - DESCRIPCIÓN FÍSICA
Extensión 67 p. ;
Dimensiones 22 cm.
505 8# - NOTA DE CONTENIDO CON FORMATO
Nota de contenido con formato Contiene discurso leído por el Señor Don Ramón Núñez Fernández
852 ## - LOCALIZACIÓN
Ubicación ES-MaACL
Número de control de estantería T-870-F-7
Nota libre -- Enc. hol. conservando la cub. original
-- -- Enc. en un vol. facticio
Existencias
Estatus retirado Estado de pérdida Estado de daño No para préstamo Colección Biblioteca de origen Biblioteca actual Ubicación en estantería Fecha de adquisición Total de préstamos Signatura topográfica completa Código de barras Visto por última vez Precio de reemplazo Tipo de ítem Koha
        Colección de folletos Biblioteca del Ateneo de Madrid Biblioteca del Ateneo de Madrid Depósito folletos 17/01/2008   T-870-F-7 1173578 23/02/2023 23/02/2023 Folleto